00463nam a22001571 450000500170000001000140001702000260003103700220005710000230007924500500010226000350015227000580018730000240024594200170026999900190028620260228152831.0 aBACHHEN26 a9789394888333c895.00 bSonam Enterprises aRahul Singh987839 aFamous Moral Story for Children/cRahul Singh aDelhibSonam Enterprisesc2025 aB-15-15, Gali No. 10, Jagatpuri Extn.bDelhie110 093 a181p.c22cm. (Hbk)  cCHmRAH2ddc c215235d215235